Top 10 Countries in Sikh Population - Statistics

General Stats
  • This quiz has been taken 269 times
  • The average score is 7 of 10
Answer Stats
Number of Sikhs Answer % Correct
22,000,000 India
100%
430,858 United Kingdom
94%
250,000 United States
94%
650,000 Canada
90%
72,296 Australia
76%
100,000 Bangladesh
72%
100,000 Malaysia
57%
70,000 Thailand
45%
70,000 Italy
44%
50,000-100,000 Kenya / Uganda / Tanzania
21%
No matching quizzes found
Score Distribution
Percent of People with Each Score
Percentile by Number Answered
Your Score History
You have not taken this quiz